| 000 | 00414nam a2200169Ia 4500 | ||
|---|---|---|---|
| 003 | STCL | ||
| 008 | 181203s9999 xx 000 0 und d | ||
| 020 | _a9788126548392 | ||
| 040 |
_aSTCL _bEN _cSTCL |
||
| 082 | _222 | ||
| 100 | _aPrimrose, S.B. | ||
| 245 | 0 | _aPrinciples of Gene Manipulation and Genomics | |
| 260 |
_bWiley Blackwell _aNew Delhi _c2014 |
||
| 300 | _a644 | ||
| 546 | _aEnglish | ||
| 942 |
_2ddc _cBK |
||
| 999 |
_c86801 _d86801 |
||